[Event "UKR-ch Women Final 2018"]
[Site "Kiev"]
[Date "2018.12.12"]
[Round "2"]
[White "Berdnyk, Mariia"]
[Black "Buksa, Nataliya"]
[Result "0-1"]
[WhiteElo "2248"]
[BlackElo "2410"]
[Annotator "TA"]
[PlyCount "112"]
[EventDate "2018.12.11"]
[EventType "tourn"]
[EventCountry "UKR"]
[SourceTitle "playchess.com"]
[Source "ChessBase"]
[SourceQuality "1"]

{[%evp 16,112,-20,-16,55,43,65,54,70,77,75,30,64,56,66,45,57,27,26,0,16,-13,-10,-12,0,-1,62,54,75,78,156,133,150,89,194,195,207,204,197,141,147,142,163,158,217,211,215,188,188,181,204,200,188,173,185,183,186,178,217,216,225,224,224,181,193,140,193,137,205,210,197,116,114,69,204,204,202,0,0,0,0,-308,-272,-618,-585,-3372,-1664,-29986,-29987,-29987,-29988,-29988,-29987,-29987,-29988,-29991,-29989,-29991,-2083]} 1. e4 e5 2. Nf3 Nc6 3. d4 exd4 4. Nxd4 Nf6 {[%cal Bg8f6,Bf6d5,Bd5b6,Bb6d7,Bd7c5][%mdl 32]} 5. Nxc6 bxc6 6. e5 Qe7 7. Qe2 Nd5 8. c4 Ba6 9. b3 {LiveBook: 988 Games} d6 {C45: Scotch Game} (9... Qh4 $11 10. a3 Bc5) (9... g6 10. f4 d6 11. Qf2 Nf6 12. Be2 dxe5 13. O-O Ne4 14. Qf3 f5 15. Nc3 exf4 16. Nxe4 Qxe4 17. Qxe4+ fxe4 18. Rxf4 {½-½ (35) Nepomniachtchi,I (2757)-Grischuk,A (2766) chess.com INT 2018}) 10. Bb2 {Hoping for Qf3.} Nb6 11. Nd2 d5 {White is slightly better.} 12. Qf3 O-O-O $146 ({Predecessor:} 12... Nd7 13. Qe3 Qc5 14. Qf4 dxc4 15. Rc1 Qa5 16. Bxc4 Bxc4 17. Qxc4 {1-0 (39) Kobozeva,V (2022)-Akulova,T (1515) Moscow 2015}) 13. O-O-O Bb7 14. Bd3 Nd7 15. Rhe1 Nc5 16. Qg4+ Kb8 17. Nf3 Ne6 18. Bf5 g6 {Strongly threatening ...h5.} 19. Bxe6 fxe6 20. Nd4 Bh6+ ({Black should play} 20... Re8 $11) 21. Kb1 $1 $14 Rhe8 22. c5 $1 Qd7 (22... Qxc5 $142 23. Nxe6 Bc8 24. Nxc5 Bxg4) 23. Bc1 $36 {[%mdl 2048] White is in control.} Bf8 24. Bg5 (24. Ba3 $142) 24... Rc8 {[#]} (24... Bxc5 $16 25. Bxd8 Qxd8) 25. Rc1 $1 $18 Ba6 26. Re3 Ka8 27. Rcc3 (27. Rh3 $18) 27... Rb8 $16 28. a3 Bf1 29. Ka1 Rb7 (29... a5 $16 {was worth a try.} 30. Rc1 Bb5) 30. Rc1 $18 Ba6 31. Rf3 Bg7 32. Re1 Rbb8 33. Qh3 Bf8 34. Rc1 Bg7 35. Bf6 Bf8 36. Qh4 Rb7 37. Rh3 h6 38. Qg4 g5 39. Rf3 Qh7 40. h4 (40. Nxc6 Be2 $11) (40. Rg3 $18) 40... gxh4 (40... Bc4 $16) 41. Rfc3 ({But not} 41. Bxh4 $6 h5 $14) (41. Nxc6 Be2 $11) ({White should try} 41. Rh3 $18) 41... Bd3 (41... h5 $16 42. Qxh4 Qh6 43. Nxc6 Qg6) 42. Nxc6 ({Don't take} 42. Nxe6 $6 h5 $16) 42... h5 43. Qd4 (43. Qxh4 $18 Bh6 44. f4 (44. Qxh5 Bg6 $14)) 43... Bh6 $16 44. Rh1 Be4 (44... Bb5 $14 45. Nd8 Rb8) 45. f3 $18 Bf5 46. Nd8 $2 (46. Bxh4 $18 {aiming for g3.} Qg6 47. g3) 46... Rb8 $1 $11 {[%cal Rb8d8]} 47. c6 Qg8 48. Nb7 $2 {[%mdl 8192]} (48. Rxh4 $11 {and White is okay.} Qf8 49. Ka2 Rexd8 50. Bxd8 Rxd8 51. Rc5) 48... Qxg2 $19 49. Rg1 $2 (49. Rd1 h3 50. Bh4) 49... Qd2 50. Qc5 h3 (50... Rg8 $142 51. Rf1 Rg2) 51. Rgc1 Rg8 {Black mates.} 52. R3c2 Bxc2 53. Rxc2 Qe1+ 54. Kb2 Rg1 {[%csl Gg1][%cal Re1a1]} 55. b4 Qb1+ 56. Kc3 {[#]} Qxc2+ {Accuracy: White = 57%, Black = 39%.} (56... h2 $142 $1 57. Qf2 (57. Rxh2 Rc1+) 57... h1=Q 58. Bg5 Bxg5 59. Nc5 Qa1+ {[%mdl 64] Double Attack} 60. Rb2 Qxa3+ 61. Rb3 Qc1+ 62. Qc2 Qxf3+ 63. Nd3 Bd2+ 64. Kd4 Qe3#) 0-1

[Event "UKR-ch Women Final 2018"]
[Site "Kiev"]
[Date "2018.12.12"]
[Round "2"]
[White "Rakhmangulova, Anastasiya"]
[Black "Doluhanova, Evgeniya"]
[Result "*"]
[WhiteElo "2233"]
[BlackElo "2367"]
[Annotator "ChessBase"]
[PlyCount "47"]
[EventDate "2018.12.11"]
[EventType "tourn"]
[EventCountry "UKR"]
[SourceTitle "playchess.com"]
[Source "ChessBase"]
[SourceQuality "1"]
[TimeControl "40/5400+30:1800+30"]

1. e4 {[%emt 0:00:00]} c5 {[%emt 0:00:00]} 2. Nf3 {[%emt 0:00:00]} Nc6 {[%emt 0:00:00]} 3. d4 {[%emt 0:00:00]} cxd4 {[%emt 0:00:00]} 4. Nxd4 {[%emt 0:00:00]} Nf6 {[%emt 0:00:11]} 5. Nc3 {[%emt 0:00:00]} g6 {[%emt 0:00:46]} 6. Be3 {[%emt 0:00:02]} Bg7 {[%emt 0:00:10]} 7. Bc4 {[%emt 0:00:04]} O-O {[%emt 0:00:40]} 8. Bb3 {[%emt 0:00:03]} d5 {[%emt 0:01:15]} 9. exd5 {[%emt 0:00:05]} Na5 {[%emt 0:00:05]} 10. Qf3 {[%emt 0:00:04]} Nxb3 {[%emt 0:02:31]} 11. axb3 {[%emt 0:02:29]} Bg4 {[%emt 0:02:20]} 12. Qg3 {[%emt 0:00:07]} Bh5 {[%emt 0:01:25]} 13. d6 {[%emt 0:00:19]} e5 {[%emt 0:02:55]} 14. Ndb5 {[%emt 0:12:45]} a6 {[%emt 0:02:09]} 15. Nc7 {[%emt 0:01:30]} Rc8 {[%emt 0:05:04]} 16. Qxe5 {[%emt 0:04:01]} Ne8 {[%emt 0:08:11]} 17. Qe7 {[%emt 0:15:56]} Nxc7 {[%emt 0:00:24]} 18. Qxd8 {[%emt 0:00:05]} Rfxd8 {[%emt 0:00:06]} 19. dxc7 {[%emt 0:00:03]} Rxc7 {[%emt 0:00:10]} 20. O-O {[%emt 0:05:43]} Bxc3 {[%emt 0:05:49]} 21. Bf4 {[%emt 0:13:43]} Rc6 {[%emt 0:16:46]} 22. bxc3 {[%emt 0:00:06]} Rxc3 {[%emt 0:00:08]} 23. f3 {[%emt 0:06:09]} Rxc2 {[%emt 0:06:02]} 24. Rad1 {[%emt 0:13:07]} *

[Event "UKR-ch Women Final 2018"]
[Site "Kiev"]
[Date "2018.12.12"]
[Round "2"]
[White "Rakhmangulova, Anastasiya"]
[Black "Dolzhykova, Kateryna"]
[Result "1/2-1/2"]
[WhiteElo "2233"]
[BlackElo "2161"]
[Annotator "NA"]
[PlyCount "88"]
[EventDate "2018.12.11"]
[EventType "tourn"]
[EventCountry "UKR"]
[SourceTitle "playchess.com"]
[Source "ChessBase"]
[SourceQuality "1"]
[TimeControl "40/5400+30:1800+30"]

1. e4 {[%emt 0:00:00]} c5 {[%emt 0:00:00]} 2. Nf3 {[%emt 0:00:00]} Nc6 {[%emt 0:00:00]} 3. d4 {[%emt 0:00:00]} cxd4 {[%emt 0:00:00]} 4. Nxd4 {[%emt 0:00:00]} Nf6 {[%emt 0:00:11]} 5. Nc3 {[%emt 0:00:00]} g6 {[%emt 0:00:46]} 6. Be3 {[%emt 0:00:02]} Bg7 {[%emt 0:00:10]} 7. Bc4 {[%emt 0:00:04]} O-O {[%emt 0:00:40]} 8. Bb3 {[%emt 0:00:03]} d5 {[%emt 0:01:15]} 9. exd5 {[%emt 0:00:05] B35: Sicilian: Accelerated Dragon with 5 Nc3: main line} Na5 $1 {[%emt 0:00:05]} 10. Qf3 {[%emt 0:00:04]} (10. O-O Nxb3 11. Nxb3 b6 12. d6 e6 13. Qf3 Rb8 14. Rfd1 Bb7 15. Qh3 Rc8 16. Bd4 Nd5 17. Nxd5 Bxd5 18. Bxg7 Kxg7 {1-0 (34) Vachier Lagrave,M (2796)-Gelfand,B (2719) Palma de Mallorca 2017}) 10... Nxb3 {[%emt 0:02:31]} 11. axb3 {[%emt 0:02:29]} Bg4 {[%emt 0:02:20]} 12. Qg3 {[%emt 0:00:07]} Bh5 {[%emt 0:01:25]} 13. d6 {[%emt 0:00:19] LiveBook: 7 Games} e5 {[%emt 0:02:55]} 14. Ndb5 {[%emt 0:12:45] [#]} a6 $146 {[%emt 0:02:09]} ({Predecessor:} 14... Ne8 $16 15. Bc5 Rc8 16. Bb4 a6 {1-0 (69) Saric,I (2668)-Antipov,M (2550) Monzon 2016}) 15. Nc7 {[%emt 0:01:30]} Rc8 {[%emt 0:05:04] [#]} 16. Qxe5 $2 {[%emt 0:04:01]} (16. Bc5 $1 $18) 16... Ne8 $1 {[%emt 0:08:11]} 17. Qe7 {[%emt 0:15:56]} Nxc7 {[%emt 0:00:24]} 18. Qxd8 {[%emt 0:00:05]} Rfxd8 {[%emt 0:00:06]} 19. dxc7 {[%emt 0:00:03]} Rxc7 {[%emt 0:00:10]} 20. O-O {[%emt 0:05:43]} Bxc3 {[%emt 0:05:49]} 21. Bf4 {[%emt 0:13:43]} Rc6 {[%emt 0:16:46]} 22. bxc3 {[%emt 0:00:06]} Rxc3 {[%emt 0:00:08]} 23. f3 {[%emt 0:06:09]} Rxc2 {[%emt 0:06:02]} 24. Rad1 {[%emt 0:13:07]} Re8 {[%emt 0:05:16]} 25. g4 {[%emt 0:13:26]} g5 {[%emt 0:01:04]} 26. Bxg5 {[%emt 0:00:03]} Ree2 {[%emt 0:03:31]} 27. Bf4 {[%emt 0:00:05]} Bg6 {[%emt 0:00:45]} 28. Rfe1 {[%emt 0:02:49]} Bd3 {[%emt 0:05:26]} 29. b4 {[%emt 0:04:34]} f6 {[%emt 0:11:06]} 30. Rxe2 {[%emt 0:01:53]} Bxe2 {[%emt 0:00:02]} 31. Rd8+ {[%emt 0:00:04]} Kf7 {[%emt 0:00:06]} 32. Kf2 {[%emt 0:00:20]} Bb5+ {[%emt 0:00:34]} 33. Rd2 {[%emt 0:06:09]} Rc4 {[%emt 0:01:14]} 34. Bd6 {[%emt 0:00:18]} b6 {[%emt 0:00:39]} 35. h4 {[%emt 0:00:48]} a5 {[%emt 0:01:09]} 36. bxa5 {[%emt 0:00:07]} bxa5 {[%emt 0:00:05]} 37. Ra2 {[%emt 0:00:46]} a4 {[%emt 0:00:23]} 38. Ra3 {[%emt 0:00:26]} h5 {[%emt 0:01:59]} 39. Kg3 {[%emt 0:00:30]} hxg4 {[%emt 0:00:38]} 40. fxg4 {[%emt 0:00:00]} Bd7 {[%emt 0:00:00]} 41. Bf4 {[%emt 0:01:53]} Rb4 {[%emt 0:01:17]} 42. h5 {[%emt 0:08:15]} Rb1 {[%emt 0:01:23]} 43. Be3 {[%emt 0:02:04]} Rb4 {[%emt 0:00:36]} 44. Bf4 {[%emt 0:00:05]} Rb1 1/2-1/2

[Event "UKR-ch Women Final 2018"]
[Site "Kiev"]
[Date "2018.12.13"]
[Round "3"]
[White "Buksa, Nataliya"]
[Black "Doluhanova, Evgeniya"]
[Result "1/2-1/2"]
[WhiteElo "2410"]
[BlackElo "2367"]
[Annotator "TA"]
[PlyCount "52"]
[EventDate "2018.12.11"]
[EventType "tourn"]
[EventCountry "UKR"]
[SourceTitle "playchess.com"]
[Source "ChessBase"]
[SourceQuality "1"]

{[%evp 14,52,21,9,17,14,20,8,8,13,9,6,8,0,-6,-28,11,-18,-14,-24,0,-12,18,0,0,0,0,0,0,0,0,0,0,-16,-16,-16,-16,-16,-16,-16,-16]} 1. e4 e5 2. Nf3 Nc6 3. Bb5 Nf6 4. d3 Bc5 5. Bxc6 dxc6 6. Nbd2 {C65: Ruy Lopez: Berlin Defence (3...Nf6), unusual lines and 4 0-0 Bc5} O-O (6... Be6 7. O-O Nd7 8. Nb3 Bb6 9. Ng5 Bxb3 10. axb3 f6 11. Nf3 Nf8 12. Nd2 Qd7 13. Nc4 Ne6 {½-½ (54) Saric,I (2689)-Caruana,F (2827) Batumi 2018}) 7. Nc4 Nd7 {[%cal Bf6d7,Bd7c5,Bc5e6,Be6d4][%mdl 32]} 8. Be3 {LiveBook: 20 Games} (8. c3 {feels hotter.} Bd6 9. O-O a5 10. Qc2 b5 11. Ne3) 8... Bxe3 9. Nxe3 f6 10. Qd2 Nc5 11. O-O-O a5 $146 {[%cal Ba7a5,Ba5a4,Ba4a3][%mdl 32]} ({Predecessor:} 11... Be6 12. Kb1 a5 13. h4 Qe7 {0-1 (32) Zhigalko,S (2671)-Ganguly,S (2668) Doha 2016}) 12. g4 Ne6 13. h4 c5 14. Nf5 Ra6 15. Ng1 a4 16. Ne2 a3 {With the idea ...axb2+.} 17. b3 $1 {The position is equal.} Nd4 18. c3 Nxe2+ 19. Qxe2 g6 20. Ne3 b5 21. Nc2 Qe7 22. h5 g5 $1 23. c4 b4 24. f3 h6 25. Qe3 Qd6 26. Kd2 Be6 {Accuracy: White = 46%, Black = 75%.} 1/2-1/2

[Event "UKR-ch Women Final 2018"]
[Site "Kiev"]
[Date "2018.12.13"]
[Round "3"]
[White "Osmak, Iulija"]
[Black "Rakhmangulova, Anastasiya"]
[Result "1-0"]
[WhiteElo "2403"]
[BlackElo "2233"]
[Annotator "TA"]
[PlyCount "109"]
[EventDate "2018.12.11"]
[EventType "tourn"]
[EventCountry "UKR"]
[SourceTitle "playchess.com"]
[Source "ChessBase"]
[SourceQuality "1"]

{[%evp 14,109,44,44,70,62,57,60,64,55,59,64,75,72,72,72,72,75,95,93,102,94,87,83,90,87,99,81,74,68,74,74,112,57,58,43,46,47,69,33,39,0,0,0,0,0,0,0,0,0,0,0,0,0,197,174,286,266,315,308,350,337,411,412,396,396,295,353,412,410,397,368,561,558,691,641,815,804,884,871,831,777,2388,2449,2309,2318,2150,2096,1908,1820,1976,1889,1914,1799,1712,1642,1449,1314]} 1. d4 d5 2. c4 c6 3. cxd5 cxd5 4. Nc3 Nc6 5. e4 e6 6. e5 Qb6 7. Nf3 Bd7 8. a3 {LiveBook: 10 Games} a6 {C02: French: Advance Variation} (8... f6 9. Bd3 g6 10. O-O Bg7 11. Re1 fxe5 12. dxe5 Nge7 13. Be3 Qd8 14. Bc5 O-O 15. h4 Rxf3 16. Qxf3 Nxe5 {1-0 (45) Aliavdin,N (2342)-Puczylowski,M (2116) Szklarska Poreba 2017}) 9. Be3 Rc8 10. Na4 $146 ({Predecessor:} 10. Bd3 Na7 11. Qe2 Nb5 12. Nb1 Nh6 13. a4 Na7 14. O-O Nf5 15. Nc3 Bb4 16. Rab1 {½-½ (43) Armbrust,F (1768)-Ollenberger,R (1528) Germany 2002}) 10... Qc7 {White is slightly better.} 11. Rc1 Nge7 12. Bd3 Nf5 13. Bxf5 exf5 14. O-O h6 15. Ne1 Be6 16. Nd3 Be7 17. Qh5 g6 18. Qd1 Kf8 19. Qd2 Kg7 20. Nac5 g5 21. f4 {[%cal Rf4g5]} g4 22. Rc3 b6 23. Nxa6 (23. Nxe6+ $16 fxe6 24. Qc2) 23... Qa7 $14 24. Rfc1 Bd7 25. Nab4 Nxb4 26. Rxc8 Rxc8 27. axb4 Rxc1+ 28. Qxc1 Bb5 29. Ne1 Bxb4 30. Bd2 Bxd2 31. Qxd2 Qa1 32. Kf2 Qb1 33. Qc2 (33. Kg3 {with more complications.} Kg6 34. Kf2 Kg7) 33... Qxc2+ $2 (33... Qa1 $11 {and Black is okay.}) 34. Nxc2 $11 {[%mdl 4096] Endgame KB-KN} Bd3 (34... Bd7 {is a better defense.} 35. Ne3 Be6) 35. Nb4 $18 Be4 36. Na6 Kf8 37. Nc7 Ke7 38. Na8 b5 39. Nc7 b4 {[#]} 40. Na6 $1 b3 41. Nc5 Bc2 42. Ke3 g3 (42... Kd8 $142 43. Kd2 h5) 43. hxg3 {White is clearly winning.} Kd8 44. Kd2 Kc7 45. Kc3 Kc6 46. Nxb3 Be4 47. Kb4 Bxg2 48. Ka5 Bf1 49. Nc5 Be2 50. b4 {[%cal Bb2b4,Bb4b5][%mdl 32]} Bc4 51. Na6 Be2 {[#]} 52. b5+ $1 {[%mdl 512]} Kb7 (52... Bxb5 53. Nb4+) 53. Nc5+ Kc7 54. Na4 Bc4 55. Kb4 {Precision: White = 81%, Black = 56%.} 1-0

[Event "UKR-ch Women Final 2018"]
[Site "Kiev"]
[Date "2018.12.13"]
[Round "3"]
[White "Shpanko, Nadiia"]
[Black "Gaponenko, Inna"]
[Result "0-1"]
[WhiteElo "2262"]
[BlackElo "2420"]
[Annotator "TA"]
[PlyCount "84"]
[EventDate "2018.12.11"]
[EventType "tourn"]
[EventCountry "UKR"]
[SourceTitle "playchess.com"]
[Source "ChessBase"]
[SourceQuality "1"]

{[%evp 25,84,27,31,0,0,0,0,0,0,-23,0,0,0,-1,0,-22,0,0,0,0,0,-247,-234,-319,-327,-316,-309,-354,-343,-336,-338,-339,-331,-328,-346,-327,-206,-189,-202,-172,-181,-189,-185,-172,-147,-139,-132,-154,-138,-251,-264,-256,-237,-262,-272,-273,-266,-376,-369,-521,-540]} 1. e4 c5 2. Nc3 Nc6 3. Bb5 Nd4 4. Bc4 g6 5. Nf3 Bg7 6. Nxd4 cxd4 7. Qf3 Nh6 {[%cal Bg8h6,Bh6g4,Bg4e5,Be5d7,Bd7c5][%mdl 32]} 8. Ne2 O-O 9. d3 Ng4 {B23: Closed Sicilian: Lines without g3} 10. Bb3 d6 11. h3 Ne5 12. Qg3 a5 13. a4 Nd7 {LiveBook: 4 Games} 14. O-O (14. h4 $5 {[%cal Rh4h5]}) 14... Nc5 15. Bc4 Be6 $146 ({Predecessor:} 15... Qc7 16. b3 Be6 17. Bd2 Bxc4 18. bxc4 {0-1 (74) Rodriguez,E (2352)-Rensch,D (2401) Freemont 2012}) 16. Bxe6 fxe6 17. Bg5 Qe8 18. Qh4 Rf7 19. b3 Rc8 20. Bd2 b6 21. f4 Qd7 22. Kh1 e5 23. g4 $2 (23. fxe5 $11 Rxf1+ 24. Rxf1) 23... d5 $19 24. fxe5 {[#] Strongly threatening Rxf7.} Rxf1+ 25. Rxf1 dxe4 26. Bh6 {intending Bxg7.} exd3 27. cxd3 Qd5+ (27... Bxe5 $2 28. Qf2 $17) (27... Nxd3 28. Bxg7 Kxg7 29. Nxd4 $19) 28. Kg1 Bxh6 ({Weaker is} 28... Nxd3 29. Bxg7 Kxg7 30. Qxe7+ Kg8 31. Rf6 $11 (31. e6 Ne5 $11)) 29. Qxh6 Qxe5 30. Qd2 Qe3+ ({Resist} 30... Nxb3 31. Qf4 $19) 31. Qxe3 dxe3 {[%mdl 4096] Endgame KRN-KRN} 32. Rf3 Nxb3 {And now ...b5! would win.} 33. Rxe3 Kf7 34. d4 Nd2 35. Nf4 Rc4 36. Nd5 e6 ({But not} 36... Rxa4 37. Rxe7+ Kf8 38. Rxh7 $15) 37. Nf4 (37. Nxb6 $17 Rxd4 38. Rc3) 37... Rxa4 38. Nxe6 {[#]} Nf3+ $1 {[%mdl 512]} 39. Kg2 (39. Rxf3+ Kxe6) 39... Nxd4 40. Ng5+ Kg7 41. h4 (41. Rd3 {is a better defense.}) 41... h6 42. Re7+ (42. Ne4 $142) 42... Kf8 {Accuracy: White = 47%, Black = 78%.} 0-1

[Event "UKR-ch Women Final 2018"]
[Site "Kiev"]
[Date "2018.12.13"]
[Round "3"]
[White "Martynkova, Olena"]
[Black "Berdnyk, Mariia"]
[Result "0-1"]
[WhiteElo "2173"]
[BlackElo "2248"]
[Annotator "TA"]
[PlyCount "128"]
[EventDate "2018.12.11"]
[EventType "tourn"]
[EventCountry "UKR"]
[SourceTitle "playchess.com"]
[Source "ChessBase"]
[SourceQuality "1"]

{[%evp 23,128,56,60,48,58,36,43,31,50,7,0,12,19,-20,-31,-25,0,-20,0,-12,-12,-12,-12,-6,-12,-6,-6,-6,-14,-13,-4,-7,-1,-1,-1,-1,-1,-3,0,-1,-6,-11,0,-6,-3,-3,-3,-3,-3,-3,-3,-8,-6,-38,-45,-45,-8,-38,-38,-45,-40,-79,-79,-79,-79,-58,-60,-68,-68,-491,-491,-491,-491,-491,-491,-491,-491,-491,-491,-469,-453,-2892,-146,-147,-15,-29972,-29973,-29972,-29973,-29971,-29969,-29972,-29973,-11098,-12795,-29987,-29988,-29992,-29981,-29980,-29981,-29995,-29996,-29996,-29997,-29997,-844]} 1. d4 Nf6 2. c4 g6 3. Nf3 Bg7 4. g3 O-O 5. Bg2 d6 6. O-O Nc6 7. Nc3 a6 8. Bf4 Rb8 {E63: King's Indian: Fianchetto: Panno Variation with 7...a6} 9. Rc1 Bd7 10. Qd2 (10. a3 Re8 11. d5 Na5 12. Nd2 e5 13. Bg5 b6 14. Nce4 Bf5 15. b4 Nb7 {1-0 (48) Kravtsiv,M (2654)-Moussard,J (2579) Cap d'Agde 2018}) 10... Re8 11. d5 Na5 12. b3 c5 {LiveBook: 5 Games} 13. dxc6 Nxc6 14. Rfd1 $146 ({Predecessor:} 14. e4 Qa5 15. h3 Rbc8 16. Rfe1 {0-1 (48) Drygalov,S (2446)-Linker,M (2269) Sochi 2018}) 14... Qa5 15. h3 Rbc8 16. e4 b5 17. cxb5 axb5 {...b4 is the strong threat.} 18. Qe2 b4 19. Nd5 Be6 {[%cal Rf6d5]} 20. Ng5 Bd7 21. e5 dxe5 22. Bxe5 Nxe5 23. Rxc8 Bxc8 24. Qxe5 Nxd5 25. Qxd5 Qxd5 26. Bxd5 e6 27. Bc6 Rf8 28. Ne4 Ba6 29. Nc5 Be2 30. Rd2 Rc8 31. Rxe2 Rxc6 $11 {[%mdl 4096] Endgame KRB-KRN} 32. Nd3 Bc3 33. Re4 f5 34. Rc4 Rxc4 35. bxc4 {KB-KN} e5 36. Kf1 Kf7 37. Ke2 Ke6 38. Nc1 e4 39. Nb3 Ke5 40. Ke3 g5 41. Ke2 h5 42. Ke3 {[#]} Bd4+ $1 {[%mdl 512]} 43. Ke2 (43. Nxd4 f4+) 43... Bb6 44. Ke1 f4 45. gxf4+ gxf4 {[%cal Bg5f4,Bf4f3][%mdl 32]} 46. Ke2 $2 {[%mdl 8192]} (46. f3 $15) 46... f3+ $19 47. Ke1 Bd8 48. Kf1 Bg5 49. Ke1 {White hopes to continue with Kf1.} e3 50. fxe3 Bxe3 51. Kf1 Ke4 52. Ke1 {[#]} (52. c5 $142 Kd5 53. Ke1) 52... h4 $2 (52... Kf4 $1 $19 {and Black stays clearly on top.} 53. Kf1 Kg3) 53. Kf1 Kf4 (53... Ke5 $17 54. c5 Kd5) 54. Na1 $2 {[%mdl 8192]} (54. c5 $11) 54... Kg3 55. Nc2 Bc5 56. Ne1 Ba7 57. Nd3 Kxh3 58. c5 Kg3 59. Kg1 h3 {Black mates.} 60. Kh1 f2 61. Nxf2 Kxf2 62. c6 Bb8 63. a3 b3 64. c7 Bxc7 {Accuracy: White = 39%, Black = 66%.} 0-1

[Event "UKR-ch Women Final 2018"]
[Site "Kiev"]
[Date "2018.12.13"]
[Round "3"]
[White "Dolzhykova, Kateryna"]
[Black "Babiy, Olga"]
[Result "1-0"]
[WhiteElo "2161"]
[BlackElo "2275"]
[Annotator "TA"]
[PlyCount "147"]
[EventDate "2018.12.11"]
[EventType "tourn"]
[EventCountry "UKR"]
[SourceTitle "playchess.com"]
[Source "ChessBase"]
[SourceQuality "1"]

{[%evp 20,147,42,9,85,27,29,33,73,0,0,0,0,0,0,0,0,0,4,0,8,0,0,0,0,0,0,0,48,0,50,19,39,20,32,-49,164,142,192,0,0,-118,0,0,0,0,0,-61,209,206,198,0,241,234,256,256,265,265,265,264,312,306,366,366,375,364,683,458,408,283,474,473,479,464,461,450,356,283,283,276,266,266,266,261,254,211,243,238,266,176,176,139,650,624,452,312,1342,305,1441,1412,1138,590,848,747,746,427,1411,1269,1191,1172,1172,1079,1079,520,800,693,29964,2468,29977,29978,29979,29980,29978,29974,29973,8887,29986,29987,29989,29990]} 1. e4 c6 2. d4 d5 3. Nd2 dxe4 4. Nxe4 Nf6 5. Nxf6+ exf6 6. c3 Bd6 7. Bd3 O-O 8. Ne2 Re8 9. Qc2 {B15: Caro-Kann: 3 Nc3: 3...g6 and 3...dxe4 4 Nxe4 Nf6 5 Nxf6+ exf6} h5 10. Be3 Nd7 {[%cal Bb8d7,Bd7b6,Bb6d5][%mdl 32]} 11. Ng3 {LiveBook: 6 Games. White is slightly better.} Bf4 $146 (11... Nb6 $11) ({Predecessor:} 11... Nb6 12. O-O-O h4 13. Ne4 Nd5 14. Rde1 Nf4 15. Bxf4 Bxf4+ 16. Kb1 f5 {0-1 (47) Paehtz,E (2464)-Grandelius,N (2647) Caleta 2018}) 12. O-O-O (12. O-O $16 Bxe3 13. fxe3) 12... Bxe3+ $11 13. fxe3 Rxe3 14. Be4 ({Better is} 14. Qf2 $16 Re7 15. Nf5 (15. Nxh5 Qa5 $14)) 14... Nb6 15. Nf1 {[#]} Rxe4 $1 {[%mdl 512]} 16. Qxe4 Be6 17. Nd2 a5 18. Kb1 g6 19. Ka1 Nd5 20. h3 a4 21. a3 b5 22. g4 h4 23. Rhf1 Qd6 {aiming for ...Nxc3!} 24. Qf3 f5 25. gxf5 Bxf5 26. Ne4 Qh2 {[#]} 27. Rf2 (27. Nf6+ $1 $14 {[%mdl 512]} Nxf6 28. Qxc6 {[%mdl 64] Double Attack}) 27... Qc7 $2 (27... Qxh3 $15 {stays ahead.} 28. Qxh3 Bxh3) 28. Rg1 $36 {[%mdl 2048] White is in control.} Kf8 29. Ng5 $2 ({White should play} 29. Qg2 $18 Re8 30. Rxf5 $1 {[%mdl 512]} gxf5 31. Qg7+ Ke7 32. Ng5) 29... Re8 $1 $11 30. Nh7+ {[#]} (30. Re2 $1 $11 Rxe2 31. Qxe2) 30... Ke7 (30... Kg7 $1 $17 {[%cal Rg7h7]} 31. Ng5 Qd6) 31. Re2+ Kd8 32. Rxe8+ Kxe8 33. Qf2 (33. c4 $11 bxc4 34. Qe2+ Kd8 35. Qxc4) 33... Qe7 $2 {[%mdl 8192]} (33... f6 $1 $15 {keeps the upper hand.} 34. Re1+ (34. Qxh4 Qg7 $15) 34... Kd8 35. Qxh4 Qg7) 34. Re1 $18 Be6 35. Qd2 $2 (35. Qc2 $18) 35... Kd7 $2 (35... f6 $1 $11 {and Black is okay.}) 36. Qh6 Kc7 37. Nf8 Qf6 38. Nxe6+ fxe6 {[%mdl 4096] Endgame KQR-KQN} 39. Rg1 Qf2 40. Qxg6 Nf4 41. Qg8 {Intending Rg7+ and mate.} Kb6 42. Rb1 Kc7 $2 (42... Nd5 43. Qxe6 Kc7) 43. Qg7+ Kb6 44. Qg1 Nxh3 $2 (44... Qg3 {was worth a try.} 45. Qf1 Nd3) 45. Qxf2 ({Weaker is} 45. Qg8 Nf4 $18) 45... Nxf2 {KR-KN} 46. Rf1 Nd3 47. Rf3 ({Not} 47. Rh1 e5 $18) 47... Ne1 48. Rh3 Kc7 49. Rxh4 Nf3 50. Rf4 Nd2 51. Rf2 Nc4 52. Kb1 Kd6 53. Kc2 e5 54. Kd3 Kd5 55. Re2 exd4 $2 {[%mdl 8192]} (55... e4+ $16 56. Kc2 Nd6) 56. cxd4 Nb6 57. Rh2 Nc4 $2 (57... Kd6 58. Rh6+ Kc7 59. Rh7+ Kd6 60. Rh6+ Kd5) 58. Rg2 $2 (58. Kc3 Kd6 59. Rh5) 58... Ke6 $2 (58... Kd6 59. Kc3 Ke6 60. Rg6+ Kd5 61. Rg5+ Kd6 62. Rg6+ Kd5 63. Rg5+ Kd6) 59. Rg6+ Kd5 60. Kc3 Ne3 61. Rg5+ Kd6 62. Kb4 Nc4 {[#]} (62... Nc2+ $142 63. Kc3 Ne3) 63. d5 $1 cxd5 64. Kxb5 Nxb2 65. Rg2 Nc4 66. Kxa4 (66. Rg6+ $142 Ke5 67. Kxa4) 66... Kc5 67. Rc2 Kd4 68. Kb4 Ne5 69. a4 {[%cal Ba3a4,Ba4a5,Ba5a6,Ba6a7][%mdl 32]} Ke3 70. a5 d4 71. a6 d3 72. Rc5 (72. Rc3 $142 Kf4 73. Kb3 Nd7 74. Rc6 d2 75. Kc2 Ne5 76. Rc7 Ke3 77. Re7) 72... Nf3 73. Rc3 Kd4 74. a7 {Accuracy: White = 60%, Black = 35%.} 1-0